[Event "44th Chess Olympiad Women 2022"]
[Site "Chennai"]
[Date "2022.07.30"]
[Round "2.5"]
[White "Wafa, Shahenda"]
[Black "Navrotescu, Andreea"]
[Result "0-1"]
[WhiteElo "2115"]
[BlackElo "2373"]
[Annotator "ChessBase"]
[PlyCount "70"]
[EventDate "2022.07.29"]
[EventType "team-tourn"]
[EventCountry "IND"]
[SourceTitle "playchess.com"]
[Source "ChessBase"]
[SourceQuality "1"]
[WhiteTeam "Egypt"]
[BlackTeam "France"]
[WhiteTeamCountry "EGY"]
[BlackTeamCountry "FRA"]

1. e4 e5 2. Nf3 Nc6 3. Bb5 a6 4. Ba4 Nf6 5. O-O Be7 6. d3 b5 7. Bb3 d6 8. c3
O-O 9. h3 Na5 10. Bc2 c5 11. d4 Qc7 12. d5 c4 13. Nbd2 Nb7 14. Re1 Nc5 15. Nf1
Ne8 16. g4 h5 17. N3h2 g6 18. gxh5 Bxh3 19. Qf3 Qc8 20. Qg3 Ng7 21. hxg6 Nh5
22. gxf7+ Kxf7 23. Qf3+ Kg6 24. Qe3 Nf4 25. Ng3 Kh7 26. Qf3 Bg2 27. Qd1 Qh3 28.
Bxf4 Rxf4 29. Qh5+ Qxh5 30. Nxh5 Rg8 31. Nxf4 exf4 32. f3 Bh4 33. e5+ Nd3 34.
Bxd3+ cxd3 35. Red1 Bxf3+ 0-1

[Event "44th Chess Olympiad Women 2022"]
[Site "Chennai"]
[Date "2022.07.30"]
[Round "2.6"]
[White "Fataliyeva, Ulviyya"]
[Black "Norlamo, Sarabella"]
[Result "1-0"]
[WhiteElo "2372"]
[BlackElo "1925"]
[Annotator "TA"]
[PlyCount "133"]
[EventDate "2022.07.29"]
[EventType "team-tourn"]
[EventCountry "IND"]
[SourceTitle "playchess.com"]
[Source "ChessBase"]
[SourceQuality "1"]
[WhiteTeam "Azerbaijan"]
[BlackTeam "Finland"]
[WhiteTeamCountry "AZE"]
[BlackTeamCountry "FIN"]

1. d4 Nf6 2. c4 e6 3. Nf3 b6 4. g3 Bb7 5. Bg2 Be7 6. Nc3 Ne4 7. Bd2 O-O 8. O-O
f5 9. Ne5 Nxc3 10. Bxc3 Bxg2 11. Kxg2 Qc8 12. Re1 Qb7+ 13. f3 Bf6 14. e4 fxe4
15. Rxe4 d5 16. Re1 dxc4 17. Nxc4 Qc6 18. Qd3 Nd7 19. Re4 Rae8 20. Rae1 Qd5 21.
Qe2 Kf7 22. Ne3 Qxa2 23. Qb5 Re7 24. Re2 a6 25. Qh5+ Kg8 26. Ng4 g6 27. Qh3 Bg7
28. Nf2 Rfe8 29. Nd3 Nf6 30. Re5 Nd7 31. R5e3 Qc4 32. Nf4 Nf8 33. Re4 Qb3 34.
g4 b5 35. g5 b4 36. Be1 c6 37. Qg4 a5 38. h4 a4 39. d5 cxd5 40. Rxb4 Qd1 41.
Kf1 Rf7 42. Ng2 d4 43. Kf2 Rc8 44. Qe4 Rfc7 45. Kg3 Rc2 46. Rxc2 Qxc2 47. Qb7
d3 48. Ne3 Rc7 49. Nxc2 Rxb7 50. Rxb7 dxc2 51. Bd2 Bd4 52. f4 e5 53. fxe5 Ne6
54. Kf3 Nc5 55. Rc7 Bxb2 56. Rxc5 a3 57. Rc8+ Kf7 58. Ra8 c1=Q 59. Bxc1 Bxc1
60. Ke4 Bb2 61. Kd5 Ke7 62. Ra7+ Kd8 63. Kd6 Kc8 64. e6 Kb8 65. Ra4 Bc3 66. Kd7
a2 67. e7 1-0

[Event "44th Chess Olympiad Women 2022"]
[Site "Chennai"]
[Date "2022.07.30"]
[Round "2.6"]
[White "Balajayeva, Khanim"]
[Black "Paasikangas, Johanna"]
[Result "1-0"]
[WhiteElo "2344"]
[BlackElo "2155"]
[Annotator "TA"]
[PlyCount "85"]
[EventDate "2022.07.29"]
[EventType "team-tourn"]
[EventCountry "IND"]
[SourceTitle "playchess.com"]
[Source "ChessBase"]
[SourceQuality "1"]
[WhiteTeam "Azerbaijan"]
[BlackTeam "Finland"]
[WhiteTeamCountry "AZE"]
[BlackTeamCountry "FIN"]

1. e4 c5 2. Nf3 a6 3. c3 d5 4. exd5 Qxd5 5. d4 cxd4 6. cxd4 e6 7. Nc3 Qa5 8.
Bd2 Nc6 9. Bc4 Qd8 10. Be3 Nf6 11. O-O Be7 12. a3 O-O 13. Ba2 Nd5 14. Qd3 Bf6
15. Ne4 Nxe3 16. Nxf6+ Qxf6 17. fxe3 Qg6 18. e4 b5 19. Qc3 Bb7 20. d5 exd5 21.
exd5 Nd8 22. Nh4 Qb6+ 23. Kh1 Bc8 24. Rae1 Nb7 25. Qg3 Qd6 26. Qd3 Nc5 27. Qc2
Bd7 28. Nf3 Rac8 29. Bb1 f5 30. Qd2 Rce8 31. Ba2 Ne4 32. Qd4 Qh6 33. Kg1 Kh8
34. Rc1 Rc8 35. Rxc8 Rxc8 36. Ne5 Qf6 37. Rd1 Rd8 38. d6 Be6 39. Bxe6 Qxe6 40.
d7 Kg8 41. Rc1 Nd6 42. Qb6 Qf6 43. Rd1 1-0

[Event "44th Chess Olympiad Women 2022"]
[Site "Chennai"]
[Date "2022.07.30"]
[Round "2.6"]
[White "Nazarova, Anastasia"]
[Black "Mammadzada, Gunay"]
[Result "0-1"]
[WhiteElo "2208"]
[BlackElo "2455"]
[Annotator "TA"]
[PlyCount "64"]
[EventDate "2022.07.29"]
[EventType "team-tourn"]
[EventCountry "IND"]
[SourceTitle "playchess.com"]
[Source "ChessBase"]
[SourceQuality "1"]
[WhiteTeam "Finland"]
[BlackTeam "Azerbaijan"]
[WhiteTeamCountry "FIN"]
[BlackTeamCountry "AZE"]

1. e4 c5 2. Nf3 d6 3. d4 cxd4 4. Nxd4 Nf6 5. Nc3 a6 6. Nb3 Nc6 7. Be3 e6 8. g4
Be7 9. g5 Nd7 10. h4 b5 11. f4 Nb6 12. a3 Rb8 13. Qf3 Nc4 14. Bxc4 bxc4 15. Nd4
Bd7 16. Nxc6 Bxc6 17. Bd4 O-O 18. O-O-O Qc7 19. Rhe1 e5 20. Bf2 Qb7 21. f5 Bd8
22. f6 Ba5 23. fxg7 Rfd8 24. Kd2 d5 25. Ke2 d4 26. Bg3 dxc3 27. bxc3 Bxe4 28.
Qf6 Bxc2 29. Rxd8+ Rxd8 30. Qxe5 Qg2+ 31. Bf2 Qg4+ 32. Kf1 Bd3+ 0-1

[Event "44th Chess Olympiad Women 2022"]
[Site "Chennai"]
[Date "2022.07.30"]
[Round "2.6"]
[White "Tuominen, Tanja"]
[Black "Mammadova, Gulnar"]
[Result "0-1"]
[WhiteElo "2080"]
[BlackElo "2380"]
[Annotator "ChessBase"]
[PlyCount "78"]
[EventDate "2022.07.29"]
[EventType "team-tourn"]
[EventCountry "IND"]
[SourceTitle "playchess.com"]
[Source "ChessBase"]
[SourceQuality "1"]
[WhiteTeam "Finland"]
[BlackTeam "Azerbaijan"]
[WhiteTeamCountry "FIN"]
[BlackTeamCountry "AZE"]

1. e4 e6 2. d3 d5 3. Nd2 c5 4. Ngf3 Nc6 5. g3 g6 6. Bg2 Bg7 7. O-O Nge7 8. Re1
b6 9. Nf1 dxe4 10. dxe4 Ba6 11. c3 Qc7 12. Bg5 h6 13. Bxe7 Qxe7 14. Qa4 Bb7 15.
e5 O-O 16. h4 Qc7 17. Qf4 Rae8 18. N1h2 f5 19. Rad1 Rd8 20. Rxd8 Rxd8 21. g4
Rd5 22. h5 g5 23. Nxg5 Rxe5 24. Rf1 hxg5 25. Qxg5 fxg4 26. Qxg4 Kh8 27. Nf3 Rf5
28. Nh4 Ne5 29. Ng6+ Nxg6 30. hxg6 Bxg2 31. Kxg2 Qc6+ 32. Kg3 Qd6+ 33. f4 Rd5
34. Re1 Rd3+ 35. Kf2 Rd2+ 36. Kg1 Qd3 37. f5 Bh6 38. Qh4 Kg8 39. g7 Be3+ 0-1

[Event "44th Chess Olympiad Women 2022"]
[Site "Chennai"]
[Date "2022.07.30"]
[Round "2.7"]
[White "Zatonskih, Anna"]
[Black "Khamdamova, Afruza"]
[Result "1-0"]
[WhiteElo "2383"]
[BlackElo "1969"]
[Annotator "TA"]
[PlyCount "149"]
[EventDate "2022.07.29"]
[EventType "team-tourn"]
[EventCountry "IND"]
[SourceTitle "playchess.com"]
[Source "ChessBase"]
[SourceQuality "1"]
[WhiteTeam "United States"]
[BlackTeam "Uzbekistan"]
[WhiteTeamCountry "USA"]
[BlackTeamCountry "UZB"]

1. d4 Nf6 2. c4 e6 3. Nc3 d5 4. cxd5 exd5 5. Bg5 Be7 6. e3 O-O 7. Bd3 Nbd7 8.
Nf3 c6 9. Qc2 Re8 10. O-O Nf8 11. Rab1 g6 12. b4 a6 13. a4 Ne6 14. Bh4 Ng7 15.
b5 axb5 16. axb5 Bf5 17. bxc6 bxc6 18. Ne5 Rc8 19. Rb7 Bxd3 20. Qxd3 Rc7 21.
Rxc7 Qxc7 22. Rc1 Qb7 23. Qb1 Qa8 24. Qa2 Qb7 25. Rb1 Qc7 26. Qa6 Nf5 27. Bxf6
Bxf6 28. Qxc6 Qd8 29. Nd7 Re6 30. Qxd5 Kg7 31. Nxf6 Qxf6 32. h3 Ne7 33. Qb5 Nf5
34. Nd5 Qh4 35. Nf4 Re7 36. d5 Nd6 37. Qc5 Qf6 38. Ne6+ fxe6 39. Qxd6 exd5 40.
Qxd5 Rf7 41. Qd2 Qf5 42. Rc1 Rd7 43. Qc2 Qe5 44. Rd1 Rc7 45. Qd2 h5 46. Qd4
Qxd4 47. Rxd4 Rc1+ 48. Kh2 Rc2 49. Kg3 Kf6 50. Rd6+ Kf7 51. Ra6 Rb2 52. Kf3 Rb5
53. h4 Rb4 54. Ra7+ Kf6 55. g3 Rc4 56. Ra6+ Kf7 57. e4 Rc2 58. Ke3 Rb2 59. Rd6
Rb3+ 60. Rd3 Rb2 61. Rd2 Rb5 62. Kf4 Kf6 63. Ra2 Rc5 64. Ra7 Rc2 65. e5+ Ke6
66. Ra6+ Ke7 67. f3 Rc4+ 68. Kg5 Rc3 69. Rf6 Re3 70. Kxg6 Rxe5 71. Rf5 Re2 72.
Kxh5 Ke6 73. g4 Rh2 74. Kg5 Ke7 75. h5 1-0

[Event "44th Chess Olympiad Women 2022"]
[Site "Chennai"]
[Date "2022.07.30"]
[Round "2.7"]
[White "Omonova, Umida"]
[Black "Yip, Carissa"]
[Result "1-0"]
[WhiteElo "2195"]
[BlackElo "2416"]
[Annotator "TA"]
[PlyCount "179"]
[EventDate "2022.07.29"]
[EventType "team-tourn"]
[EventCountry "IND"]
[SourceTitle "playchess.com"]
[Source "ChessBase"]
[SourceQuality "1"]
[WhiteTeam "Uzbekistan"]
[BlackTeam "United States"]
[WhiteTeamCountry "UZB"]
[BlackTeamCountry "USA"]

1. e4 e5 2. Nf3 Nc6 3. Bc4 Bc5 4. O-O Nf6 5. d3 d6 6. c3 a6 7. a4 Ba7 8. Nbd2
Nh5 9. Re1 Nf4 10. Nf1 g5 11. Be3 g4 12. N3d2 Qf6 13. Bxa7 Rxa7 14. Ne3 Ne7 15.
d4 Neg6 16. Nd5 Qd8 17. dxe5 dxe5 18. Nf1 O-O 19. Ng3 Qg5 20. Qc1 Be6 21. Qe3
Raa8 22. Rad1 c6 23. Nb6 Bxc4 24. Nxc4 Nh4 25. Nf5 Nhxg2 26. Qc5 Nxe1 27. Rxe1
Nd3 28. Qe3 Qxe3 29. Rxe3 Rad8 30. Kg2 h5 31. Kg3 f6 32. Ncd6 Nf4 33. c4 c5 34.
Rb3 Rd7 35. Rb6 Rfd8 36. a5 Rh7 37. Ne3 Rdd7 38. Nd5 Nxd5 39. cxd5 Kf8 40. b3
Rc7 41. Nc4 Kg7 42. Nd6 Kg6 43. Kh4 Rcd7 44. Ne8 Rhf7 45. Nd6 Rfe7 46. Nc4 Re8
47. Ne3 Red8 48. Nc4 Re7 49. Ne3 Rc7 50. Nc4 Re8 51. Nd6 Rb8 52. Nc4 Re7 53.
Nd6 Rd7 54. Nc4 Re8 55. Ne3 Rh8 56. Nc4 Re7 57. Nd6 Rb8 58. Nc4 Rd8 59. Ne3 Ra8
60. Nc4 Rb8 61. Ne3 Rbe8 62. Nc4 Rd7 63. Ne3 Rh8 64. Nc4 Kf7 65. Nd6+ Ke7 66.
Nf5+ Kf7 67. Nd6+ Rxd6 68. Rxd6 Kg6 69. Rb6 Rh7 70. f3 gxf3 71. Kg3 f2 72. Kxf2
Kg5 73. Kg3 h4+ 74. Kf3 Rc7 75. h3 Rg7 76. Ke3 Rc7 77. Kd3 f5 78. Re6 Kf4 79.
Rf6 Kg3 80. Rxf5 Rg7 81. Rxe5 Kxh3 82. Rh5 Kg4 83. Rh8 Re7 84. Ke3 h3 85. d6
Rd7 86. Rg8+ Kh4 87. e5 Rh7 88. Kf2 Rf7+ 89. Kg1 c4 90. bxc4 1-0

[Event "44th Chess Olympiad Women 2022"]
[Site "Chennai"]
[Date "2022.07.30"]
[Round "2.7"]
[White "Malikova, Marjona"]
[Black "Abrahamyan, Tatev"]
[Result "0-1"]
[WhiteElo "1756"]
[BlackElo "2291"]
[Annotator "ChessBase"]
[PlyCount "70"]
[EventDate "2022.07.29"]
[EventType "team-tourn"]
[EventCountry "IND"]
[SourceTitle "playchess.com"]
[Source "ChessBase"]
[SourceQuality "1"]
[WhiteTeam "Uzbekistan"]
[BlackTeam "United States"]
[WhiteTeamCountry "UZB"]
[BlackTeamCountry "USA"]

1. d4 Nf6 2. c4 e6 3. Nc3 Bb4 4. Qc2 d5 5. cxd5 exd5 6. Bg5 h6 7. Bxf6 Qxf6 8.
a3 Bxc3+ 9. Qxc3 O-O 10. Nf3 Nc6 11. e3 Bg4 12. Be2 a5 13. h3 Bh5 14. Ne5 Bxe2
15. Nxc6 Ba6 16. Ne5 Rfe8 17. Qxa5 Qd6 18. Qd2 c5 19. O-O-O cxd4 20. exd4 f6
21. Nd3 Re4 22. Qb4 Qc6+ 23. Kb1 Re2 24. Nc5 Bc4 25. Rc1 Rxf2 26. Rhe1 b6 27.
Nb3 Re8 28. Rxe8+ Qxe8 29. Re1 Qg6+ 30. Ka1 Qxg2 31. Nc1 Rc2 32. b3 Bd3 33.
Qxb6 Qd2 34. Qe6+ Kh7 35. Qe3 Qc3+ 0-1

[Event "44th Chess Olympiad Women 2022"]
[Site "Chennai"]
[Date "2022.07.30"]
[Round "2.8"]
[White "Klek, Hanna Marie"]
[Black "Guindy, Esmat Susanne"]
[Result "0-1"]
[WhiteElo "2366"]
[BlackElo "2097"]
[Annotator "TA"]
[PlyCount "168"]
[EventDate "2022.07.29"]
[EventType "team-tourn"]
[EventCountry "IND"]
[SourceTitle "playchess.com"]
[Source "ChessBase"]
[SourceQuality "1"]
[WhiteTeam "Germany"]
[BlackTeam "Denmark"]
[WhiteTeamCountry "GER"]
[BlackTeamCountry "DEN"]

1. e4 e6 2. d4 d5 3. e5 c5 4. c3 Nc6 5. Nf3 Bd7 6. Be2 Nge7 7. O-O Ng6 8. Re1
f6 9. c4 fxe5 10. cxd5 Nxd4 11. Bd3 Nxf3+ 12. Qxf3 Qf6 13. dxe6 Bc6 14. Qh3 Be7
15. Nc3 Rf8 16. Be3 Nf4 17. Bxf4 Qxf4 18. Qe3 O-O-O 19. Be4 Bxe4 20. Nxe4 Rd4
21. Qxf4 exf4 22. f3 b6 23. Kf2 Kb7 24. Re2 Kc6 25. g3 fxg3+ 26. hxg3 h5 27.
Rh1 g6 28. Kg2 Rd3 29. Rf1 b5 30. f4 Rd5 31. Rf3 a6 32. Rff2 c4 33. g4 hxg4 34.
Kg3 Rh8 35. Rh2 Rxh2 36. Rxh2 Rd4 37. Re2 b4 38. Kxg4 Kd5 39. Ng5 c3 40. bxc3
bxc3 41. Rc2 Kc4 42. Nf3 Re4 43. Nd2+ Kd3 44. Rxc3+ Kxd2 45. Rc6 a5 46. Kf3
Re3+ 47. Kg4 a4 48. Rc4 a3 49. f5 gxf5+ 50. Kxf5 Rc3 51. Rd4+ Rd3 52. Rc4 Rf3+
53. Ke4 Re3+ 54. Kf5 Re1 55. Rc7 Bb4 56. Kf6 Bc3+ 57. Kf7 Rf1+ 58. Ke8 Bb4 59.
Rc4 Rb1 60. Kd7 Kd3 61. Rh4 Kc3 62. Kc6 Rd1 63. Kc7 Rd2 64. Rh3+ Rd3 65. Rh4
Bd6+ 66. Kc6 Kb2 67. Rh7 Bb4 68. Kb5 Rd4 69. Rh2+ Kb1 70. Re2 Be7 71. Kc6 Kc1
72. Re1+ Rd1 73. Re3 Rd2 74. Kb5 Kb2 75. Rf3 Kxa2 76. Rf7 Bh4 77. Rh7 Bd8 78.
e7 Bxe7 79. Rxe7 Kb2 80. Kc4 a2 81. Rb7+ Kc1 82. Ra7 Kb1 83. Kc3 Rc2+ 84. Kd3
Rb2 0-1

[Event "44th Chess Olympiad Women 2022"]
[Site "Chennai"]
[Date "2022.07.30"]
[Round "2.8"]
[White "Schneider, Jana"]
[Black "Steffensen, Elena"]
[Result "1-0"]
[WhiteElo "2342"]
[BlackElo "2044"]
[Annotator "ChessBase"]
[PlyCount "55"]
[EventDate "2022.07.29"]
[EventType "team-tourn"]
[EventCountry "IND"]
[SourceTitle "playchess.com"]
[Source "ChessBase"]
[SourceQuality "1"]
[WhiteTeam "Germany"]
[BlackTeam "Denmark"]
[WhiteTeamCountry "GER"]
[BlackTeamCountry "DEN"]

1. e4 g6 2. d4 Bg7 3. Nc3 c6 4. Bc4 d6 5. Bb3 Nf6 6. Nf3 O-O 7. O-O b5 8. e5
Ne8 9. Bg5 h6 10. Be3 d5 11. Qd2 Kh7 12. Nh4 e6 13. Nf3 Nd7 14. h4 c5 15. Nxb5
Ba6 16. a4 Rb8 17. c4 cxd4 18. Qxd4 Bxb5 19. axb5 Nd6 20. Rxa7 Nf5 21. Qf4 Nxe3
22. Qxe3 dxc4 23. Bxc4 Nb6 24. Be2 Nd5 25. Qe4 Ne7 26. Rd1 Qe8 27. Rdd7 Rd8 28.
Rxe7 1-0

[Event "44th Chess Olympiad Women 2022"]
[Site "Chennai"]
[Date "2022.07.30"]
[Round "2.8"]
[White "Nilssen, Ellen Fredericia"]
[Black "Heinemann, Josefine"]
[Result "0-1"]
[WhiteElo "2142"]
[BlackElo "2321"]
[Annotator "ChessBase"]
[PlyCount "70"]
[EventDate "2022.07.29"]
[EventType "team-tourn"]
[EventCountry "IND"]
[SourceTitle "playchess.com"]
[Source "ChessBase"]
[SourceQuality "1"]
[WhiteTeam "Denmark"]
[BlackTeam "Germany"]
[WhiteTeamCountry "DEN"]
[BlackTeamCountry "GER"]

1. d4 Nf6 2. c4 e6 3. Nc3 Bb4 4. e3 O-O 5. Bd2 d5 6. Nf3 b6 7. cxd5 exd5 8. Rc1
Bb7 9. Bd3 Be7 10. O-O c5 11. dxc5 bxc5 12. Qe2 Re8 13. Rfd1 Nbd7 14. Ba6 Bc6
15. Bb5 Bxb5 16. Nxb5 a6 17. Nc3 Bd6 18. Qd3 c4 19. Qf5 Nc5 20. Rb1 Nd3 21. Ne1
Re5 22. Qf3 Nc5 23. Ne2 Nfe4 24. Ng3 Re6 25. Bc3 Bxg3 26. hxg3 Nxc3 27. bxc3
Ne4 28. Rb2 Nxc3 29. Rd4 Rb8 30. Rc2 Qa5 31. Rcd2 Rb1 32. Kf1 Rh6 33. Rh4 Rxh4
34. gxh4 Ne4 35. Rd3 Qxe1# 0-1

[Event "44th Chess Olympiad Women 2022"]
[Site "Chennai"]
[Date "2022.07.30"]
[Round "2.8"]
[White "Kakulidis, Ellen"]
[Black "Wagner, Dinara"]
[Result "0-1"]
[WhiteElo "2057"]
[BlackElo "2341"]
[Annotator "ChessBase"]
[PlyCount "68"]
[EventDate "2022.07.29"]
[EventType "team-tourn"]
[EventCountry "IND"]
[SourceTitle "playchess.com"]
[Source "ChessBase"]
[SourceQuality "1"]
[WhiteTeam "Denmark"]
[BlackTeam "Germany"]
[WhiteTeamCountry "DEN"]
[BlackTeamCountry "GER"]

1. d4 Nf6 2. Nf3 d5 3. g3 Bf5 4. c4 e6 5. Bg2 h6 6. Nc3 c6 7. O-O Be7 8. h3 O-O
9. Nd2 Nbd7 10. e4 dxe4 11. Ndxe4 Nxe4 12. Nxe4 Nf6 13. Nc3 Rc8 14. Qb3 Qb6 15.
Be3 Qxb3 16. axb3 a6 17. Rfc1 Rfd8 18. Na4 Bd6 19. f4 h5 20. Nc3 Bb8 21. b4 Ba7
22. b5 Bxd4 23. Bxd4 Rxd4 24. bxa6 bxa6 25. b3 Rd3 26. Rxa6 Rxg3 27. Kh2 h4 28.
Bxc6 Rxh3+ 29. Kg1 Rg3+ 30. Kh1 Kh7 31. b4 Bg4 32. b5 Rxc6 33. bxc6 Bf3+ 34.
Kh2 Ng4# 0-1

[Event "44th Chess Olympiad Women 2022"]
[Site "Chennai"]
[Date "2022.07.30"]
[Round "2.9"]
[White "Danielian, Elina"]
[Black "Machlik, Monika"]
[Result "1-0"]
[WhiteElo "2441"]
[BlackElo "2111"]
[Annotator "TA"]
[PlyCount "69"]
[EventDate "2022.07.29"]
[EventType "team-tourn"]
[EventCountry "IND"]
[SourceTitle "playchess.com"]
[Source "ChessBase"]
[SourceQuality "1"]
[WhiteTeam "Armenia"]
[BlackTeam "Norway"]
[WhiteTeamCountry "ARM"]
[BlackTeamCountry "NOR"]

1. d4 Nf6 2. Nf3 e6 3. e3 d5 4. c4 c5 5. Nc3 dxc4 6. Bxc4 a6 7. Bb3 Nc6 8. O-O
Be7 9. dxc5 Qxd1 10. Rxd1 Bxc5 11. Ng5 O-O 12. Nge4 Nxe4 13. Nxe4 Be7 14. Bd2
Rd8 15. Rac1 Bd7 16. Nc5 Rab8 17. Nxd7 Rxd7 18. Kf1 Rbd8 19. Ke2 Bf6 20. Bc3
Rxd1 21. Bxd1 Bxc3 22. Rxc3 Rc8 23. Ba4 b5 24. Bc2 f5 25. a4 b4 26. Rc5 Na7 27.
Rxc8+ Nxc8 28. Kd3 Nb6 29. a5 Nd5 30. Kd4 Kf7 31. Bxf5 Ke7 32. Bd3 Kd6 33. Bxa6
Ne7 34. Bb7 Kc7 35. Be4 1-0

[Event "44th Chess Olympiad Women 2022"]
[Site "Chennai"]
[Date "2022.07.30"]
[Round "2.9"]
[White "Mkrtchyan, Mariam"]
[Black "Stanford, Sheila Barth"]
[Result "1-0"]
[WhiteElo "2285"]
[BlackElo "2097"]
[Annotator "RC"]
[PlyCount "79"]
[EventDate "2022.07.29"]
[EventType "team-tourn"]
[EventCountry "IND"]
[SourceTitle "playchess.com"]
[Source "ChessBase"]
[SourceQuality "1"]
[WhiteTeam "Armenia"]
[BlackTeam "Norway"]
[WhiteTeamCountry "ARM"]
[BlackTeamCountry "NOR"]

1. d4 Nf6 2. c4 e6 3. Nf3 d5 4. g3 Bb4+ 5. Bd2 Be7 6. Bg2 O-O 7. Qc2 Nbd7 8.
O-O c6 9. Rd1 b6 10. Bf4 Bb7 11. Nc3 dxc4 12. Nd2 Nd5 13. Nxc4 Nxf4 14. gxf4
Qc7 15. f5 Qf4 16. fxe6 fxe6 17. e3 Qh4 18. f4 Nf6 19. Ne5 Ng4 20. Nxg4 Qxg4
21. Kh1 Rac8 22. Rg1 Rf7 23. Qb3 Qf5 24. Be4 Qf6 25. Bf3 Rc7 26. Rg3 Kh8 27.
Rag1 c5 28. Bxb7 Rxb7 29. dxc5 Bxc5 30. Ne4 Qe7 31. Ng5 Rf6 32. Rh3 h6 33. Qd3
Rf5 34. Qe4 Rb8 35. Nxe6 Rf7 36. Qe5 Qb7+ 37. Rg2 Rf6 38. Nxg7 Rg6 39. Nh5+ Kg8
40. Qe6+ 1-0

[Event "44th Chess Olympiad Women 2022"]
[Site "Chennai"]
[Date "2022.07.30"]
[Round "2.9"]
[White "Machlik, Edit"]
[Black "Mkrtchian, Lilit"]
[Result "0-1"]
[WhiteElo "2084"]
[BlackElo "2362"]
[Annotator "ChessBase"]
[PlyCount "52"]
[EventDate "2022.07.29"]
[EventType "team-tourn"]
[EventCountry "IND"]
[SourceTitle "playchess.com"]
[Source "ChessBase"]
[SourceQuality "1"]
[WhiteTeam "Norway"]
[BlackTeam "Armenia"]
[WhiteTeamCountry "NOR"]
[BlackTeamCountry "ARM"]

1. d4 Nf6 2. c4 e6 3. Nc3 d5 4. cxd5 exd5 5. Bg5 c6 6. e3 h6 7. Bh4 Be7 8. Qc2
O-O 9. Bd3 Re8 10. h3 Ne4 11. Bxe7 Qxe7 12. Nf3 Nd7 13. O-O Nf8 14. Rab1 Ng6
15. b4 Qf6 16. Bxe4 dxe4 17. Nd2 Nh4 18. Ne2 Bd7 19. Ng3 Qg6 20. Qc5 Be6 21. a4
Bd5 22. Rfc1 b6 23. Qc2 Rac8 24. Qd1 f5 25. Qh5 Qf6 26. Ne2 Bf7 0-1

[Event "44th Chess Olympiad Women 2022"]
[Site "Chennai"]
[Date "2022.07.30"]
[Round "2.9"]
[White "Rodsmoen, Maud"]
[Black "Gaboyan, Susanna"]
[Result "0-1"]
[WhiteElo "1975"]
[BlackElo "2270"]
[Annotator "ChessBase"]
[PlyCount "78"]
[EventDate "2022.07.29"]
[EventType "team-tourn"]
[EventCountry "IND"]
[SourceTitle "playchess.com"]
[Source "ChessBase"]
[SourceQuality "1"]
[WhiteTeam "Norway"]
[BlackTeam "Armenia"]
[WhiteTeamCountry "NOR"]
[BlackTeamCountry "ARM"]

1. e4 c5 2. Nf3 Nc6 3. d4 cxd4 4. Nxd4 Nf6 5. Nc3 e5 6. Ndb5 d6 7. Bg5 a6 8.
Na3 b5 9. Nd5 Be7 10. Bxf6 Bxf6 11. c4 b4 12. Nc2 a5 13. g3 g6 14. Bg2 Bg7 15.
h4 h5 16. O-O O-O 17. Qd3 Nb8 18. a3 bxa3 19. Rxa3 Na6 20. Qd2 Rb8 21. Nce3 Nc5
22. b4 axb4 23. Nxb4 Bb7 24. Ned5 Ne6 25. Nc2 Nd4 26. Nxd4 Bxd5 27. cxd5 exd4
28. Rc1 Qb6 29. Rc6 Qb1+ 30. Kh2 Rb2 31. Qd3 Qxd3 32. Rxd3 Rxf2 33. Kg1 Ra2 34.
Rxd6 Rb8 35. Bf1 Bh6 36. Rf6 Be3+ 37. Kh1 Rbb2 38. Rxe3 dxe3 39. d6 e2 0-1

[Event "44th Chess Olympiad Women 2022"]
[Site "Chennai"]
[Date "2022.07.30"]
[Round "2.10"]
[White "Assaubayeva, Bibisara"]
[Black "Vanduyfhuys, Daria"]
[Result "1-0"]
[WhiteElo "2436"]
[BlackElo "2094"]
[Annotator "ChessBase"]
[PlyCount "67"]
[EventDate "2022.07.29"]
[EventType "team-tourn"]
[EventCountry "IND"]
[SourceTitle "playchess.com"]
[Source "ChessBase"]
[SourceQuality "1"]
[WhiteTeam "Kazakhstan"]
[BlackTeam "Belgium"]
[WhiteTeamCountry "KAZ"]
[BlackTeamCountry "BEL"]

1. d4 d5 2. c4 e6 3. Nc3 Nf6 4. cxd5 exd5 5. Bg5 Be7 6. e3 c6 7. Bd3 O-O 8. Qc2
Nbd7 9. h3 Re8 10. Nf3 Nf8 11. O-O-O Be6 12. Kb1 Qa5 13. Nd2 Rac8 14. g4 b5 15.
f4 Bd7 16. Rhe1 Qb6 17. Nf3 a5 18. Bxf6 Bxf6 19. g5 Be7 20. Ne5 Rc7 21. e4 dxe4
22. Nxe4 Be6 23. Nc5 Bd5 24. f5 Bxc5 25. dxc5 Qb8 26. f6 g6 27. Qf2 Rcc8 28.
Qg3 Re6 29. Re3 Rce8 30. Rde1 h5 31. gxh6 Rxf6 32. Nd7 Qxg3 33. Nxf6+ Kh8 34.
Rxe8 1-0

[Event "44th Chess Olympiad Women 2022"]
[Site "Chennai"]
[Date "2022.07.30"]
[Round "2.10"]
[White "Nurgali, Nazerke"]
[Black "Barbier, Wiebke"]
[Result "1-0"]
[WhiteElo "2181"]
[BlackElo "1970"]
[Annotator "RC"]
[PlyCount "37"]
[EventDate "2022.07.29"]
[EventType "team-tourn"]
[EventCountry "IND"]
[SourceTitle "playchess.com"]
[Source "ChessBase"]
[SourceQuality "1"]
[WhiteTeam "Kazakhstan"]
[BlackTeam "Belgium"]
[WhiteTeamCountry "KAZ"]
[BlackTeamCountry "BEL"]

1. d4 d5 2. Nf3 e6 3. Bf4 Nf6 4. e3 Be7 5. Bd3 O-O 6. O-O c5 7. c3 b6 8. Nbd2
Bb7 9. Qe2 Nbd7 10. a4 Nh5 11. Ne5 Nxf4 12. exf4 cxd4 13. cxd4 Nb8 14. Rfc1 Qd6
15. Rc3 Nc6 16. Bxh7+ Kh8 17. Qh5 g6 18. Bxg6+ Kg7 19. Qh7+ 1-0

[Event "44th Chess Olympiad Women 2022"]
[Site "Chennai"]
[Date "2022.07.30"]
[Round "2.10"]
[White "Goossens, Hanne"]
[Black "Abdumalik, Zhansaya"]
[Result "1/2-1/2"]
[WhiteElo "2159"]
[BlackElo "2495"]
[Annotator "ChessBase"]
[PlyCount "62"]
[EventDate "2022.07.29"]
[EventType "team-tourn"]
[EventCountry "IND"]
[SourceTitle "playchess.com"]
[Source "ChessBase"]
[SourceQuality "1"]
[WhiteTeam "Belgium"]
[BlackTeam "Kazakhstan"]
[WhiteTeamCountry "BEL"]
[BlackTeamCountry "KAZ"]

1. e4 e5 2. Nf3 Nc6 3. Bc4 Nf6 4. d3 h6 5. O-O d6 6. a4 g5 7. Nc3 Bg4 8. h3 Bh5
9. Nd5 Nxd5 10. Bxd5 Qc8 11. Be3 Ne7 12. Bb3 Bg7 13. c3 Rf8 14. g4 Bg6 15. a5
a6 16. Nd2 Rh8 17. Ba4+ Kf8 18. d4 Bf6 19. dxe5 dxe5 20. Qf3 Kg7 21. Rfd1 h5
22. Nf1 hxg4 23. hxg4 c6 24. Rd6 Ng8 25. Rad1 Be7 26. Rd7 Nf6 27. Bxg5 Nxd7 28.
Bxe7 Qe8 29. Bg5 Rh7 30. Bb3 Kf8 31. Ng3 Nc5 1/2-1/2